Online Catalogue and eLibrary

Women, Struggles and Strategies: (Record no. 1665)

MARC details
000 -LEADER
fixed length control field 00460nam a2200169Ia 4500
005 - DATE AND TIME OF LATEST TRANSACTION
control field 20250210055231.0
008 - FIXED-LENGTH DATA ELEMENTS--GENERAL INFORMATION
fixed length control field 240331s9999 xx 000 0 und d
082 ## - DDC Classification
Item Number - Author Mark ISI
DDC Edition Number 285
Class No. 305.4
245 #0 - TITLE STATEMENT
Title Women, Struggles and Strategies:
Remainder of title Third World Perspectives
260 ## - PUBLICATION, DISTRIBUTION, ETC.
Place of publication, distribution, etc. Rome;
-- Santiago
Name of publisher, distributor, etc. Isis International
Date of publication, distribution, etc. 1986
300 ## - PHYSICAL DESCRIPTION
Extent (e.g. Volumes, Pages etc.) 113 p.,
650 ## - SUBJECT ADDED ENTRY--TOPICAL TERM
Topical term or geographic name entry element Women
650 ## - SUBJECT ADDED ENTRY--TOPICAL TERM
Topical term or geographic name entry element Third World Countries
650 ## - SUBJECT ADDED ENTRY--TOPICAL TERM
Topical term or geographic name entry element Feminism
650 ## - SUBJECT ADDED ENTRY--TOPICAL TERM
Topical term or geographic name entry element Grassroots Level
942 ## - Koha item type (Biblio)
Koha item type Books in Stacks (Lending)
Holdings
Lost status Damaged status Collection code Home library Current library Shelving location Date acquired Full call number Accession Number Item type
    Lending WERC Library WERC Library Social Science Cupboard 03/31/2024 305.4 WOM 285 Books in Stacks (Lending)

© WERC Library